Uluslararası insan hakları hukukunda vicdani red ve Türkiye (Record no. 9759)

MARC details
000 -BAŞLIK
Sabit Uzunlukta Kontrol Alanı 00992na a2200301 4500
001 - KONTROL NUMARASI
Denetim Alanı 14603
003 - KONTROL NUMARASI IDENTIFIER
Denetim Alanı MIRAKIL
005 - SON İŞLEM TARİHİ VE ZAMANI
Denetim Alanı 20181213155256.0
008 - SABİT-BOY VERİ ELEMANLARI - GENEL BİLGİLER
Sabit Uzunlukta Kontrol Alanı 161101b tu 000 0
020 ## - ULUSLARARASI STANDART KİTAP NUMARASI
Uluslararası Standart Kitap Numarası 9786053993421
035 ## - SİSTEM KONTROL NUMARASI
Sistem Kontrol Numarası 14603
040 ## - KATALOGLAMA KAYNAK
Orijinal Kataloglama Ajansı Milas
Kataloglama Dili tur
Metne Dönüştürmek Ajansı TR-AnCHP
041 ## - DİL KODU
Metin / Ses Parça Veya Ayrı Başlığın Dil Kodu tur
082 ## - DEWEY ONLU SINIFLANDIRMA NUMARASI
Sınıflandırma Numarası 341.481
Ürün Numarası Ç45u 2014
090 ## - SINIFLAMA NUMARASI
Sınıflama Numarası 341.481 Ç45u 2014
100 ## - ANA GİRİŞ - KİŞİSEL İSİM
Kişisel Ad Çınar, Heval Çınar
245 ## - BAŞLIK TABLOSU
Başlık Uluslararası insan hakları hukukunda vicdani red ve Türkiye
Sorumluluk Tablosu, Vb Özgür Heval Çınar ; çeviren Defne Orhun
246 ## - UNVAN FORM VARYING
Başlık Doğru / Kısa Başlığı Vicdani red ve Türkiye
260 ## - YAYIN, DAĞITIM, VB
Yayın, Dağıtım, Vb Yeri İstanbul
Yayıncı, Dağıtıcı, Vs Adı İstanbul Bilgi Üniversitesi Yayınları
Yayın, Dağıtım, Vb Tarihi 2014
300 ## - FİZİKSEL TANIM
Kapsam 327 s.
Boyutlar 23 sm.
490 ## - SERİSİ TABLOSU
Seri Beyanı İnsan hakları hukuku çalışmaları
Hacim / Ardışık Tanımı 18
490 ## - SERİSİ TABLOSU
Seri Beyanı İstanbul Bilgi Üniversitesi yayınları
Hacim / Ardışık Tanımı 472
504 ## - KAYNAKÇA VB NOT
Kaynakça Vb Notu Kaynakça (299-319 ss.) ve dizin var.
650 ## - KONU KATMA GİRİŞ - TOPİKAL DÖNEM
Topikal Süreli Veya Coğrafi Ad Giriş Elemanı Vicdani red
Genel Alt Bölümü Hukuk ve mevzuat
650 ## - KONU KATMA GİRİŞ - TOPİKAL DÖNEM
Topikal Süreli Veya Coğrafi Ad Giriş Elemanı İnsan hakları
Genel Alt Bölümü Uluslararası hukuk
700 ## - KATMA GİRİŞ - KİŞİSEL İSİM
Kişisel Ad Orhun, Defne
942 ## - EKLENDİ GİRİŞ ELEMANLARI (KOHA)
Sınıflandırma Veya Raf Düzeni Kaynak Dewey Decimal Classification
Koha Öğesi Türü Books
999 ## - SİSTEM KONTROL NUMARALARI (KOHA)
Koha Biblionumber 9759
Koha Biblioitemnumber 9759
Holdings
Kalıcı Konum Mevcut Konum Edinme Tarihi Edinim Kaynak Toplam Check-Out'Lar Tam Çağrı Numarası Barkod Tarih Son Görülme İtibaren Geçerli Fiyatlar Koha Öğesi Türü
CHP Kütüphanesi CHP Kütüphanesi 08/29/2016 Bağış   341.481 Ç45u 2014 002716 08/29/2016 08/29/2016 Books